[Event "GER-ch53 V05 email"]
[Site "GER email"]
[Date "2021.04.21"]
[Round "?"]
[White "Jugl, Peter"]
[Black "Hild, Harald"]
[Result "0-1"]
[WhiteElo "2001"]
[BlackElo "2124"]
[PlyCount "66"]
[EventDate "2021.04.21"]
[EventType "tourn (corr)"]
[EventRounds "10"]
[EventCountry "GER"]
[SourceTitle "Corr 2024"]
[Source "ChessBase"]
[SourceDate "2023.10.19"]
[SourceVersion "1"]
[SourceVersionDate "2023.10.19"]
[SourceQuality "1"]

1. d4 f5 2. Bg5 h6 3. Bh4 g5 4. e3 Nf6 5. Bg3 d6 6. h4 g4 7. Nc3 Bg7 8. Bc4 Nh5 9. Nge2 e6 10. Qd2 a6 11. Nf4 Nxf4 12. Bxf4 Qe7 13. a4 Nc6 14. Ne2 Bf6 15. Bg3 e5 16. Rd1 Bd7 17. Nc3 Nb4 18. Ne4 Nxc2+ 19. Qxc2 fxe4 20. Qb3 0-0-0 21. d5 Rh7 22. Be2 h5 23. Rc1 Qf7 24. Rc3 Be8 25. Qb4 Kb8 26. Qxe4 Qd7 27. 0-0 Rf7 28. a5 Qa4 29. b4 Bb5 30. Bxb5 Qxb5 31. Rfc1 Rh8 32. Qc2 Rc8 33. f3 gxf3 0-1

[Event "GER-ch51 final email"]
[Site "GER email"]
[Date "2021.01.18"]
[Round "?"]
[White "Jugl, Peter"]
[Black "Amann, Hubert"]
[Result "1/2-1/2"]
[WhiteElo "2370"]
[BlackElo "2404"]
[PlyCount "37"]
[EventDate "2021.??.??"]
[EventType "tourn (corr)"]
[EventRounds "14"]
[EventCountry "GER"]
[SourceTitle "Corr 2022"]
[Source "ChessBase"]
[SourceDate "2021.10.24"]
[SourceVersion "1"]
[SourceVersionDate "2021.10.24"]
[SourceQuality "1"]

1. d4 Nf6 2. Bf4 d5 3. e3 c5 4. Nf3 Nc6 5. Nbd2 Qb6 6. dxc5 Qxb2 7. Rb1 Qc3 8. Bb5 e6 9. 0-0 Be7 10. e4 0-0 11. e5 Nd7 12. Nb3 Qb4 13. Nfd4 Nxd4 14. Nxd4 Qxc5 15. Re1 a6 16. Bd3 g6 17. Nb3 Qb4 18. g3 b5 19. h4 1/2-1/2

[Event "GER-ch51 final email"]
[Site "GER email"]
[Date "2021.01.18"]
[Round "?"]
[White "Jugl, Peter"]
[Black "Krebs, Juergen"]
[Result "1/2-1/2"]
[WhiteElo "2370"]
[BlackElo "2317"]
[PlyCount "75"]
[EventDate "2021.??.??"]
[EventType "tourn (corr)"]
[EventRounds "14"]
[EventCountry "GER"]
[SourceTitle "Corr 2022"]
[Source "ChessBase"]
[SourceDate "2021.10.24"]
[SourceVersion "1"]
[SourceVersionDate "2021.10.24"]
[SourceQuality "1"]

1. Nf3 d5 2. d4 Nf6 3. c4 c6 4. e3 Bf5 5. Nc3 e6 6. Nh4 Be4 7. f3 Bg6 8. Qb3 Qc7 9. cxd5 cxd5 10. Nxg6 hxg6 11. Bd2 Nc6 12. 0-0-0 a6 13. Kb1 Bd6 14. Rc1 Rc8 15. g4 g5 16. h3 Be7 17. Bd3 Nd7 18. Ne2 b5 19. a4 bxa4 20. Qxa4 Nb6 21. Qxa6 Ra8 22. Qb5 Kd7 23. Rc3 Na4 24. Rxc6 Qxc6 25. Rc1 Qxb5 26. Bxb5+ Kd8 27. Rc6 Nxb2 28. Kxb2 Rxh3 29. e4 Rxf3 30. exd5 exd5 31. Rc3 Rf2 32. Re3 Rb8 33. Ba5+ Kc8 34. Rc3+ Kb7 35. Kb3 Ka8 36. Ka4 Rxb5 37. Kxb5 Rxe2 38. Kc6 1/2-1/2

[Event "GER-ch51 V07 email"]
[Site "GER email"]
[Date "2019.04.14"]
[Round "?"]
[White "Jugl, Peter"]
[Black "Egner, Michael"]
[Result "1/2-1/2"]
[WhiteElo "2310"]
[BlackElo "2310"]
[PlyCount "69"]
[EventDate "2019.??.??"]
[EventType "tourn (corr)"]
[EventRounds "10"]
[EventCountry "GER"]
[SourceTitle "Corr 2022"]
[Source "ChessBase"]
[SourceDate "2021.10.24"]
[SourceVersion "1"]
[SourceVersionDate "2021.10.24"]
[SourceQuality "1"]

1. d4 Nf6 2. c4 g6 3. f3 d5 4. cxd5 Nxd5 5. e4 Nb6 6. Be3 Bg7 7. Nc3 0-0 8. Qd2 Nc6 9. 0-0-0 Qd6 10. Nb5 Qd7 11. Bh6 Bxh6 12. Qxh6 a6 13. Nc3 Nxd4 14. f4 f6 15. Nf3 e5 16. fxe5 fxe5 17. Nxe5 Qd6 18. Nf3 c5 19. Bd3 Qc7 20. e5 Bf5 21. Be4 Rae8 22. Rhe1 Bxe4 23. Nxe4 Nd7 24. Nd6 Re7 25. Qh4 Nxe5 26. Nxe5 Qxd6 27. Nc4 Qd5 28. Qxe7 Qxc4+ 29. Kb1 Qc2+ 30. Ka1 Qf5 31. Rc1 Nc2+ 32. Rxc2 Qxc2 33. Qxb7 Qe2 34. Rb1 Qc4 35. a3 1/2-1/2

[Event "GER-ch51 V07 email"]
[Site "GER email"]
[Date "2019.04.14"]
[Round "?"]
[White "Naeter, Burkhard"]
[Black "Jugl, Peter"]
[Result "1/2-1/2"]
[WhiteElo "2307"]
[BlackElo "2310"]
[PlyCount "59"]
[EventDate "2019.??.??"]
[EventType "tourn (corr)"]
[EventRounds "10"]
[EventCountry "GER"]
[SourceTitle "Corr 2022"]
[Source "ChessBase"]
[SourceDate "2021.10.24"]
[SourceVersion "1"]
[SourceVersionDate "2021.10.24"]
[SourceQuality "1"]

1. e4 e5 2. Nf3 Nc6 3. Bb5 Nf6 4. 0-0 Nxe4 5. d4 Nd6 6. Bxc6 dxc6 7. dxe5 Nf5 8. Qxd8+ Kxd8 9. h3 Be7 10. Nc3 a5 11. Rd1+ Ke8 12. Ne2 a4 13. Rd3 h5 14. Bg5 Ra5 15. Rad1 Bxg5 16. Nxg5 Ke7 17. f4 h4 18. Kf2 f6 19. Nf3 Be6 20. exf6+ gxf6 21. Ned4 Bxa2 22. Nxf5+ Rxf5 23. Re3+ Kf7 24. Rd7+ Kg6 25. Ra3 Be6 26. Re7 Bd5 27. Rxa4 Bxf3 28. Kxf3 Rc5 29. c3 Rb5 30. Ra2 1/2-1/2